80 plats "nationaux" en images (4) - Statistiques

Statistiques générales
  • Ce quiz a été pris 50 fois
  • Le résultat moyen est 5 sur 20
Statistiques - réponses
Par images Hint Réponse % Correct
Irish stew / Europe Irlande
95%
Caldo verde / Europe Portugal
57%
Bún bò Huế / Asie Vietnam
52%
Schweinshaxe / Europe Allemagne
40%
Souvláki / Europe Grèce
33%
Bingsu / Asie Corée du Sud
31%
Lap / Asie Laos
29%
Naengmyeon / Asie Corée du Nord
26%
Rechta / Afrique Algérie
24%
Bryndzové halušky / Europe Slovaquie
19%
Pabellón / Amérique Venezuela
17%
Ostkaka / Europe Suède
14%
Salteña / Amérique Bolivie
12%
Kochari / Afrique Egypte
12%
Pastel de choclo / Amérique Chili
10%
Soupe joumou / Amérique Haïti
7%
Chivito / Amérique Uruguay
5%
Kabuli pulao / Asie Afghanistan
2%
Kabsa / Asie Bahreïn
2%
Zege / Afrique Tanzanie
0%
Aucun quiz correspondant
Distribution des résultats
% des personnes avec chaque résultat
Percentile par nombre de réponses
Votre historique - résultats
Vous n’avez pas pris ce quiz